Normal view
MARC view
Entry Topical Term
001 - CONTROL NUMBER
- control field: 8096
003 - CONTROL NUMBER IDENTIFIER
- control field: ARRUPE
005 - DATE AND TIME OF LATEST TRANSACTION
- control field: 20140206121323.0
008 - FIXED-LENGTH DATA ELEMENTS
- fixed length control field: 140206|| aca||aabn | a|a d
040 ## - CATALOGING SOURCE
- Original cataloging agency: ARRUPE
- Transcribing agency: ARRUPE
150 ## - HEADING--TOPICAL TERM
- Topical term or geographic name as entry element: Genocide--Rwanda--History--20th century
670 ## - SOURCE DATA FOUND
- Source citation: Work cat.: (ARRUPE)7368: Kamukama, Dixon 8095, Rwanda conflict